| 000 | 01295cam a2200337 a 4500 | ||
|---|---|---|---|
| 001 | z9hypl b1334154 | ||
| 003 | DLC | ||
| 005 | 20260109044934.0 | ||
| 008 | 010730s2002 nyua b 000 1 eng | ||
| 010 | _a2001048231 | ||
| 020 | _a9780439448062 | ||
| 020 | _a0375806113 : PAP | ||
| 037 |
_bRandom House Childrens Books, Attn Order Entry 400 Hahn rd, Westminister, MD, USA, 21157 _nSAN 201-3975 |
||
| 040 |
_aDLC _cDLC _dDLC |
||
| 050 | 0 | 0 |
_aPZ7.O81167 _bSs 2002 |
| 092 |
_aJ _bFICTION OSBORNE |
||
| 100 | 1 | _aOsborne, Mary Pope. | |
| 245 | 1 | 0 |
_aStage fright on a summer night _n25 / _cby Mary Pope Osborne ; illustrated by Sal Murdocca. |
| 250 | _a1st ed. | ||
| 260 |
_aNew York : _bRandom House, _c2002. |
||
| 300 |
_a70 p. : _bill. ; _c22 cm. |
||
| 490 | 1 |
_aMagic tree house series ; _v25. |
|
| 520 | _aJack and Annie travel in their magic tree house to Elizabethan London, where they become actors in a production of A Midsummer Night's Dream and try to rescue a tame bear. | ||
| 650 | 1 |
_aTime travel _vJuvenile fiction. |
|
| 650 | 1 |
_aTheater _vJuvenile fiction. |
|
| 650 | 1 |
_aMagic _vJuvenile fiction. |
|
| 650 | 1 |
_aTree houses _vJuvenile fiction. |
|
| 651 | 1 |
_aGreat Britain _xHistory _yElizabeth, 1558-1603 _vJuvenile fiction. |
|
| 700 | 1 |
_aMurdocca, Sal, _eill. |
|
| 942 | _cBK | ||
| 999 |
_c31444 _d31442 |
||